Cien años de prensa en Colombia 1840 - 1940 . Catálogo indizado de la prensa existente en la sala de periodicos de la biblioteca central de la universidad de Antioquia (Registro nro. 26688)
[ vista simple ]
| 000 -CABECERA | |
|---|---|
| Longitud fija campo de control | 00827nam a2200229 a 4500 |
| 003 - • IDENTIFICADOR DELl NÚMERO DE CONTROL | |
| Identificador del número de control | CO-ViMGA |
| 008 - • CÓDIGOS DE INFORMACIÓN DE LONGITUD FIJA | |
| Códigos de información de longitud fija | 141112s2004 ck r 000 u spa d |
| 020 ## - • NÚMERO INTERNACIONAL NORMALIZADO PARA LIBROS | |
| Número Internacional Normalizado para Libros (ISBN) | 9586555348 |
| 040 ## - FUENTE DE LA CATALOGACIÓN | |
| Centro catalogador de origen | CO-ViMGA |
| Lengua de catalogación | spa |
| Centro transcriptor | CO-ViMGA |
| 082 04 - • NÚMERO DE LA CLASIFICACIÓN DECIMAL DEWEY | |
| Número de clasificación (R) | 079.861 U741c |
| 100 1# - • PUNTO DE ACCESO PRINCIPAL-NOMBRE DE PERSONA | |
| Nombre de persona | Uribe de H., Maria Teresa; Alvarez Gaviria, Jesus Maria |
| 245 10 - • TITULO PROPIAMENTE DICHO | |
| Título | Cien años de prensa en Colombia 1840 - 1940 . Catálogo indizado de la prensa existente en la sala de periodicos de la biblioteca central de la universidad de Antioquia |
| 250 ## - • MENCIÓN DE EDICIÓN | |
| Mención de edición | 2 |
| 300 ## - • DESCRIPCIÓN FÍSICA | |
| Extensión | 371.p. |
| 590 ## - NOTAS LOCALES | |
| Nota local | Forma de adquisición : Premio - Mincultura |
| 650 14 - • PUNTO DE ACCESO ADICIONAL DE MATERIA - TÉRMINO DE MATERIA | |
| Término de materia o nombre geográfico como elemento inicial | PERIODISMO - COLOMBIA |
| 650 14 - • PUNTO DE ACCESO ADICIONAL DE MATERIA - TÉRMINO DE MATERIA | |
| Término de materia o nombre geográfico como elemento inicial | PRENSA - COLOMBIA |
| 650 14 - • PUNTO DE ACCESO ADICIONAL DE MATERIA - TÉRMINO DE MATERIA | |
| Término de materia o nombre geográfico como elemento inicial | PRENSA - INDICES |
| 942 ## - ENTRADA DE ELEMENTOS AGREGADOS (KOHA) | |
| Fuente de clasificaión o esquema | Dewey Decimal Classification |
| Koha [por defecto] tipo de item | LIbro |
| Perdido | Fuente de clasificación o esquema | Estado Físico | No para préstamo | Forma de adquisición | Localización permanente | Localización actual | Fecha adquisición | Serie de enumeración / cronolog&íacute;a | Préstamos totales | Signatura completa | Código de barras | Fecha última consulta | Número de copia | Fecha del precio de reemplazo | Tipo de item de Koha |
|---|---|---|---|---|---|---|---|---|---|---|---|---|---|---|---|
| Dewey Decimal Classification | Sala General Segundo Piso | Biblioteca Pública Germán Arciniegas - Villavicencio | Biblioteca Pública Germán Arciniegas - Villavicencio | 12/04/2015 | Volumen. 1 | 11/jun/2009 | 079.861 U741c | 17075 | 12/04/2015 | Ej. 1 | 12/04/2015 | LIbro |